000 00468nam a2200157 i 4500
001 69770
003 ES-MaACL
005 20230906170618.0
007 t|
008 040709s1908 sp ||||1| spa d
100 1 _aGarcía Guijarro, Luis.
_954736
245 1 3 _aLa guerra de la independencia y el guerrillero Romen /
_cLusi García Guijarro.
260 _aMadrid :
_b[s.n.,
_c1908] (
_fImp. Balgañón)
300 _aXVI, 208 p. ;
_c19 cm.
852 _aES-MaACL
_jF-9773
999 _c69770
_d69770